| 000 | 01142nam a2200337 i 4500 | ||
|---|---|---|---|
| 001 | 298 | ||
| 003 | KOSZ 005 | ||
| 005 | 20210623142227.0 | ||
| 008 | 961010s1976 pl a f |000 0 pol | ||
| 040 |
_aKOSZ 500/EG _cKOSZ 500/EG _dKOSZ 500/EG _dKOSZ 500/HR |
||
| 041 | _apol | ||
| 046 | _k1976 | ||
| 080 | _a528 | ||
| 080 | _a(083) | ||
| 100 | 1 |
_aLipiński, Mieczysław _d(1911-1991) _eAutor |
|
| 245 | 1 | 0 |
_aTablice do tyczenia krzywych (360° i 400g). _nCz. 1, _nŁuki kołowe / _cMieczysław Lipiński. |
| 246 | 3 | 0 | _aŁuki kołowe |
| 250 | _aWyd.6. | ||
| 260 |
_aWarszawa : _bPaństwowe Przedsiębiorstwo Wydawnictw Kartograficznych, _c1976. |
||
| 300 |
_a447 s. : _bil. ; _c17 cm. |
||
| 380 | _aKsiążki | ||
| 650 | 4 | _aGeodezja | |
| 650 | 4 | _aPomiary | |
| 650 | 4 | _aKrzywe | |
| 655 | _aTablice i wzory | ||
| 658 | _aGeografia i nauki o Ziemi | ||
| 658 | _aInżynieria i technika | ||
| 710 |
_aPaństwowe Przedsiębiorstwo Wydawnictw Kartograficznych _4pbl. |
||
| 856 |
_uhttp://koha.tu.koszalin.pl/cgi-bin/koha/opac-detail.pl?biblionumber=298 _yKatalog online BPK |
||
| 942 |
_2UKD _cKS |
||
| 999 |
_c298 _d298 |
||